Catálogo
 En Linea

Cómo suprimir las preocupaciones y disfrutar de la vida / (Registro nro. 38988)

Detalles MARC
000 -CABECERA
campo de control de longitud fija 00479nam a2200145 a 4500
001 - NÚMERO DE CONTROL
campo de control 000039498
005 - FECHA Y HORA DE LA ÚLTIMA TRANSACCIÓN
campo de control 20201002031700.0
008 - DATOS DE LONGITUD FIJA--INFORMACIÓN GENERAL
campo de control de longitud fija 130703s2004 dr 000 0 spa d
040 ## - FUENTE DE LA CATALOGACIÓN
Centro catalogador/agencia de origen DO-SdBNP
Lengua de catalogación spa
Centro/agencia transcriptor BNPHU
100 1# - ENTRADA PRINCIPAL--NOMBRE DE PERSONA
Nombre de persona Carnegie, Dale
Fechas asociadas al nombre 1888-1955.
9 (RLIN) 8142
245 10 - MENCIÓN DE TÍTULO
Título Cómo suprimir las preocupaciones y disfrutar de la vida /
Mención de responsabilidad, etc. Dale Carnegie ; traducción de Miguel de Hernani.
260 ## - PUBLICACIÓN, DISTRIBUCIÓN, ETC.
Lugar de publicación, distribución, etc. [s.n. :
Nombre del editor, distribuidor, etc. s.n.,
Fecha de publicación, distribución, etc. 190?].
300 ## - DESCRIPCIÓN FÍSICA
Extensión 209 p.
700 1# - PUNTO DE ACCESO ADICIONAL--NOMBRE DE PERSONA
Nombre de persona Hernani, Miguel de
Término indicativo de función/relación tr.
9 (RLIN) 4206
Existencias
Estado de retiro Estado de pérdida No para préstamo Código de colección Localización permanente Ubicación/localización actual Ubicación en estantería Fecha de adquisición Número de inventario Total de préstamos Signatura topográfica completa Código de barras Fecha visto por última vez Precio válido a partir de Tipo de ítem Koha
    Excluido de préstamo Patrimonio Dominicano Patrimonio Dominicano Patrimonio Dominicano En catalogación 03.07.2013 LF1   39498-10 25.06.2020 25.06.2020 Libro y Folleto Colección Patrimonio Dominicano
      Patrimonio Dominicano Patrimonio Dominicano Patrimonio Dominicano Orden iniciada 04.07.2013 LF1   39499-10 25.06.2020 25.06.2020 Libro y Folleto Colección Patrimonio Dominicano

Con tecnología Koha